Hindu law : (Record no. 57737)
[ view plain ]
| 000 -LEADER | |
|---|---|
| fixed length control field | 01045nam\a2200289\a\4500 |
| 001 - CONTROL NUMBER | |
| control field | 57737 |
| 005 - DATE AND TIME OF LATEST TRANSACTION | |
| control field | 20260402125544.0 |
| 008 - FIXED-LENGTH DATA ELEMENTS--GENERAL INFORMATION | |
| fixed length control field | 260401 ii b 001 0 eng |
| 020 ## - INTERNATIONAL STANDARD BOOK NUMBER | |
| ISBN | 0195665031 |
| 020 ## - INTERNATIONAL STANDARD BOOK NUMBER | |
| ISBN | 9780195665031 |
| 040 ## - CATALOGING SOURCE | |
| Original cataloging agency | DLC |
| Transcribing agency | DLC |
| Modifying agency | BD-DhIUB |
| 082 00 - DEWEY DECIMAL CLASSIFICATION NUMBER | |
| Classification number | 340.5254 |
| Edition number | 22 |
| Item number | M548h |
| 100 1# - MAIN ENTRY--PERSONAL NAME | |
| Personal name | Menski, Werner. |
| 245 10 - TITLE STATEMENT | |
| Title | Hindu law : |
| Remainder of title | beyond tradition and modernity / |
| Statement of responsibility, etc | Werner Menski. |
| 260 ## - PUBLICATION, DISTRIBUTION, ETC. (IMPRINT) | |
| Place of publication, distribution, etc | New Delhi ; |
| -- | New York : |
| Name of publisher, distributor, etc | Oxford University Press, |
| Date of publication, distribution, etc | c2003. |
| 300 ## - PHYSICAL DESCRIPTION | |
| Extent | xxii, 648 p. ; |
| Dimensions | 27 cm. |
| 504 ## - BIBLIOGRAPHY, ETC. NOTE | |
| Bibliography, etc | Includes bibliographical references (p. [610]-639) and index. |
| 526 ## - STUDY PROGRAM INFORMATION NOTE | |
| School name | School of Law |
| Department | Law |
| Shelving Location | Law |
| 541 ## - IMMEDIATE SOURCE OF ACQUISITION NOTE | |
| Source of acquisition | Trim Education |
| 650 #0 - SUBJECT ADDED ENTRY--TOPICAL TERM | |
| Topical term or geographic name as entry element | Hindus |
| General subdivision | Legal status, laws, etc. |
| Geographic subdivision | India. |
| 650 #0 - SUBJECT ADDED ENTRY--TOPICAL TERM | |
| Topical term or geographic name as entry element | Civil law |
| Geographic subdivision | India. |
| 650 #0 - SUBJECT ADDED ENTRY--TOPICAL TERM | |
| Topical term or geographic name as entry element | Hindu law |
| General subdivision | History. |
| 856 42 - ELECTRONIC LOCATION AND ACCESS | |
| Materials specified | Publisher description |
| Uniform Resource Identifier | <a href="http://www.loc.gov/catdir/enhancements/fy0615/2003328320-d.html">http://www.loc.gov/catdir/enhancements/fy0615/2003328320-d.html</a> |
| 942 ## - ADDED ENTRY ELEMENTS (KOHA) | |
| Source of classification or shelving scheme | Dewey Decimal Classification |
| Koha item type | Books |
| Withdrawn status | Lost status | Source of classification or shelving scheme | Damaged status | Not for loan | Home library | Current library | Shelving location | Date acquired | Source of acquisition | Cost, normal purchase price | Serial Enumeration / chronology | Total Checkouts | Full call number | Barcode | Date last seen | Copy number | Cost, replacement price | Price effective from | Koha item type |
|---|---|---|---|---|---|---|---|---|---|---|---|---|---|---|---|---|---|---|---|
| Dewey Decimal Classification | Not For Loan | Library, Independent University, Bangladesh (IUB) | Library, Independent University, Bangladesh (IUB) | Law | 24/03/2026 | Purchase | 1555.00 | 2003 | 340.5254 M548h | 029599 | 02/04/2026 | 01 | 3110.00 | 24/03/2026 | Books | ||||
| Dewey Decimal Classification | Not For Loan | Library, Independent University, Bangladesh (IUB) | Library, Independent University, Bangladesh (IUB) | Law | 24/03/2026 | Purchase | 1555.00 | 2003 | 340.5254 M548h | 029598 | 02/04/2026 | 02 | 3110.00 | 24/03/2026 | Books |